000
00306nam a22001337a 4500
008
170522b xxu||||| |||| 00| 0 eng d
020
_a
9780198222842
041
_a
eng
080
_2
2ND
_a
94(4)
100
_a
16
101
_a
SHH
245
_a
ORIGINS OF THE FRENCH REVOLUTION
_c
DOYLE,W
942
_2
udc
_c
BK
999
_c
13742
_d
13742